| Registos Bibliográficos associados ao registo de autoridade |
|
Etiqueta de registo: 00000nkm 2200025 450 001 2278507 003 http://id.bnportugal.gov.pt/bib/catbnp/2278507 100 ## $a20260310d1989 m y0pory01030103ba 101 0# $apor 102 ## $aPT 200 1# $aII Feira de Artesanato da Região Norte, Mercado Ferreira Borges, Porto, 30-11 a 10-12-89$bVisual gráfico]$fInstituto do Emprego e Formação Profissional$gdesign João Machado 210 #9 $a[Lisboa]$cInstituto do Emprego e Formação Profissional,$d1989$eS. Mamede Infesta :$gLito Of. Artistas Reunidos) 215 ## $a1 cartaz$ccolor.$d68,9x47,9 cm 317 ## $aColeção Madeira Luís 702 #1 $aMachado,$bJoão$4410$31986993 710 02 $aFeira de Artesanato da Região Norte,$d2,$ePorto,$f1989$31990226 712 01 $aPortugal.$bInstituto do Emprego e Formação Profissional$4557$329156 801 #0 $aPT$bBN$gRPC 966 ## $lBN$mICONOG$sCT. 23764 A.$x3 971 ## $cCaticonografia5$d20260310 972 ## $d20260312$e1$vfpinelo$z0 995 ## $aPRR2026
|
|
|